00555nam a2200133Ia 4500008004100000100002200041245014200063245002200205260000900227650001300236856008000249999001900329952007300348170221s9999 xx 000 0 und d aC. P. Weaver, Jr. aPerceived Organizational Support and Job Overload as Moderators on the Relationship between Leadership Effectiveness and Job Satisfaction cC. P. Weaver, Jr. c2012 xBusiness uhttp://www.regent.edu/acad/global/publications/elj/vol8iss1/5ELJ-Weaver.pdf c309667d309667 001040aCLbCLd2017-02-21l0r2017-02-21 00:00:00w2017-02-21yFOJ